ORGANISATION ET DIRECTION DE L'AMÉNAGEMENT DES TERRITOIRES DANS LA RÉPUBLIQUE SOCIALISTE SLOVAQUE

Podrobná bibliografia
Hlavný autor: Zeman, Ján, 1926- (Autor)
Médium: Článok
Jazyk:francúzština

MARC

LEADER 00000nab a2200000uu 4500
001 vtls011487024
003 SK-MaSNL
005 20260303192346.0
008 230222|1979 xo |||||||||||||||||fre|
015 |a SNBRB 
035 |a (urnnbn)urn:nbn:sk:snk:ar-007ak6 
035 |a (uuid)d7b6ac48-5deb-4fc9-ac7d-62ef69086d8f 
035 |a urn:nbn:sk:snk-abdd0s 
040 |a SNKBUCL  |b slo  |c SNKBUCL  |e AACR2 
041 0 |a fre 
044 |a xo  |c SK 
100 1 |a Zeman, Ján,  |d 1926-  |4 aut  |9 231783 
245 1 0 |a ORGANISATION ET DIRECTION DE L'AMÉNAGEMENT DES TERRITOIRES DANS LA RÉPUBLIQUE SOCIALISTE SLOVAQUE  |c Ján Zeman 
773 0 |t Urbanita : vedecko-technické informácie z oblasti urbanizmu a územného plánovania  |g Roč. 7, č. 3 (1979), s. 99-[105] 
958 |a OND 
958 |a EUIPO 
958 |a article18 
999 |c 2145751  |d 2147681